000 00294nam a2200121Ia 4500
008 191201s2005 xx 000 0 und d
100 _aATS software excellence
245 0 _aASP. Net 2.0 with C#
260 _aN. Delhi
_bATS
_c2005
300 _a165+32
650 _aB.Tech(CSE)
942 _2ddc
_cBK
999 _c5581
_d5581